ბათუმის შოთა რუსთაველის სახელმწიფო უნივერსიტეტის ბიბლიოთეკა

Didaktik der Landeskunde (ბიბ.ჩანაწერი № 51280)

000 -LEADER
fixed length control field 00966nam a2200253Ia 4500
001 - CONTROL NUMBER
control field 18244
003 - CONTROL NUMBER IDENTIFIER
control field GE_BSU
008 - FIXED-LENGTH DATA ELEMENTS--GENERAL INFORMATION
fixed length control field 181216s||||||||xx |||||||||||||| ||und||
020 ## - INTERNATIONAL STANDARD BOOK NUMBER
International Standard Book Number 9783468496431
040 ## - CATALOGING SOURCE
Transcribing agency GE_BSU
080 ## - UNIVERSAL DECIMAL CLASSIFICATION NUMBER
Universal Decimal Classification number 811.112
100 ## - MAIN ENTRY--PERSONAL NAME
Personal name Padros Alicia, Markus Biechele.
245 ## - TITLE STATEMENT
Title Didaktik der Landeskunde
260 ## - PUBLICATION, DISTRIBUTION, ETC.
Place of publication, distribution, etc. Munchen
260 ## - PUBLICATION, DISTRIBUTION, ETC.
Name of publisher, distributor, etc. Langenscheidt
260 ## - PUBLICATION, DISTRIBUTION, ETC.
Date of publication, distribution, etc. 2003
300 ## - PHYSICAL DESCRIPTION
Extent 159 pages,ill,30cm.
653 ## - INDEX TERM--UNCONTROLLED
Uncontrolled term Bibliographic information QR code for Didaktik der Landeskunde Didaktik der Landeskunde Cursos a distancia Volume 31 of Deutsch als Fremdsprache und Germanistik Fernstudienangebot Germanistik Volume 31 of Fernstudienprojekt zur Fort- und Weiterbildung im Bereich Germanistik und Deutsch als Fr
653 ## - INDEX TERM--UNCONTROLLED
Uncontrolled term Didaktik der Landeskunde
653 ## - INDEX TERM--UNCONTROLLED
Uncontrolled term Language Arts & Disciplines › Study & Teaching
653 ## - INDEX TERM--UNCONTROLLED
Uncontrolled term გერმანული ენა (გრამატიკა)
942 ## - ADDED ENTRY ELEMENTS (KOHA)
Koha item type წიგნი
ეგზემპლარები
Withdrawn status Lost status Damaged status Not for loan Date acquired Barcode Date last seen Price effective from Koha item type
        2018-12-17 46501 2018-12-17 2018-12-17 წიგნი